00632nam a22001817a 4500003000400000005001700004008004100021040001700062050001600079082001600095100002200111245007900133260003700212300001100249653014300260700003400403856001300437OSt20260424114531.0260424b ||||| |||| 00| 0 eng d aBSHUAbShqip b785.11/Viv. b785.11/Viv. aVivaldi, Antonio  a"Laudate Pueri" : per soprano, flauto, 2 oboi, archi e cembalo : partitura aMilano :bSuvini Zerboni,c1972. a88 f.; aMuzika boterore - Muzika italiane - Muzika vokale - Muzika orkestrale - Pjese per Soprano - Flaut - 2 Oboe - Harqe - Cembalo - aPartitura 4revisione di Bruno Martinotti yFulltext